000 00721nac a22002417a 4500
001 BR7705781
003 BR-BrBNA
005 20240105114151.0
008 230509b bl.|||m| |||| 00| 0 por d
040 _aBR-BrBNA
_bpor
_cBiblioteca Nacional de Agricultura
072 _aF00
090 _a3322 BR7705781
100 1 _aLopes, L.C.
110 1 _aUniversidade Federal de Vicosa, MG (Brasil)
245 1 _aO cultivo do crisantemo
260 3 _aVicosa, MG (Brasil):
_c1977.
300 _a13 p.
490 _aBoletim de Extensao - Universidade Federal de Vicosa (Brazil)
_vno. 7
_x
650 _aCRISANTEMO
650 _aPRATICA CULTURAL
909 _a202312
_bLúcia Elande
_c55
_dLúcia Elande
942 _2AGRIS
_n0
_cMS
999 _c267765
_d267765